[Event "St Petersburg op U18"]
[Site "St Petersburg"]
[Date "2008.01.07"]
[Round "3"]
[White "Kazakevich, Grigoriy"]
[Black "Alekseenko, Kirill"]
[Result "1-0"]
[WhiteElo "2155"]
[BlackElo "2067"]
[PlyCount "87"]
[EventDate "2008.01.05"]
[EventType "swiss"]
[EventRounds "9"]
[EventCountry "RUS"]
[SourceTitle "CBM 122 Extra"]
[Source "ChessBase"]
[SourceDate "2008.03.04"]
[SourceVersion "1"]
[SourceVersionDate "2008.03.04"]
[SourceQuality "1"]

1. e4 c5 2. Nf3 g6 3. Bc4 Bg7 4. c3 Nc6 5. d4 cxd4 6. cxd4 Qb6 7. e5 Qb4+ 8. Nbd2 Nh6 9. a3 Qb6 10. Nb3 a5 11. 0-0 0-0 12. d5 Na7 13. Be3 Qd8 14. Qd2 Nf5 15. Qxa5 Qxa5 16. Nxa5 Nxe3 17. fxe3 b6 18. Nb3 Bb7 19. e4 Bh6 20. Nbd4 Rfc8 21. Bb3 Ba6 22. Rfe1 Nb5 23. Rad1 Ra7 24. Nxb5 Bxb5 25. Rd4 Rc1 26. Kf2 Ba6 27. Rb4 b5 28. Rxc1 Bxc1 29. Bc2 g5 30. g4 d6 31. exd6 exd6 32. Bd3 Bc8 33. h3 Bd7 34. Bxb5 Bxb5 35. Rxb5 Ra4 36. Rb4 Ra8 37. Ke2 Rc8 38. Kd3 Ra8 39. Nd4 Bf4 40. Nc6 Ra6 41. a4 Bh2 42. a5 Bg1 43. Rb8+ Kg7 44. b4 1-0